| 000 | 01061cam a22003015a 4500 | ||
|---|---|---|---|
| 001 | 14704880 | ||
| 005 | 20201128021529.0 | ||
| 008 | 070119t2006 njua frb 001 0 eng d | ||
| 020 | _a9780471761020 (hbk.) | ||
| 020 | _a0471761028 (hbk.) | ||
| 040 |
_aUKM _beng _cUKM _dBAKER _dVPI _dYDXCP _dOCL _dYDX _dDLC _dEG-ScBUE |
||
| 050 | 0 | 0 |
_aQC760 _b.M48 2006 |
| 082 | 0 | 4 |
_a620.11297 _bMET _222 |
| 245 | 0 | 0 |
_aMetamaterials : _bphysics and engineering explorations / _cedited by Nader Engheta, Richard W. Ziolkowski. |
| 260 |
_aHoboken : _bIEEE Press / Wiley-Interscience, _cc.2006. |
||
| 300 |
_axxi, 414 p. : _bill. ; _c25 cm. |
||
| 500 | _aIndex : p. 403-414. | ||
| 504 | _aIncludes bibliographical references. | ||
| 650 | 7 |
_aElectromagnetism. _2BUEsh _91928 |
|
| 650 | 7 |
_aMetamaterials. _2BUEsh _931680 |
|
| 651 | _2BUEsh | ||
| 653 |
_bENGELC _cAugust2015 |
||
| 655 |
_vreading book _934232 |
||
| 700 | 1 |
_aEngheta, Nader, _eeditor. |
|
| 700 | 1 |
_aZiolkowski, Richard W., _eeditor. |
|
| 710 | 2 | _aInstitute of Electrical and Electronics Engineers. | |
| 942 | _2ddc | ||
| 999 |
_c20670 _d20642 |
||